| 000 | 00675nam a2200193 i 4500 | ||
|---|---|---|---|
| 001 | 182394 | ||
| 003 | ES-MaACL | ||
| 005 | 20231214063036.0 | ||
| 008 | 130808s1991 sp a |||| | spa d | ||
| 100 | 1 |
_aBotas San Martín, Isabel _930739 |
|
| 245 | 1 | 3 |
_aLa forja tradicional en Maragatería / _cIsabel Botas San Martín. |
| 260 |
_aLeón : _bTierras de León, _c1991. |
||
| 300 |
_a[20] p. : _bil. ; _c28 cm. |
||
| 595 | _aPublicado en la revista Tierras de León, n. 81-82. | ||
| 650 | 4 |
_aHerrería- _zMaragatería. _9163493 |
|
| 651 | 4 |
_aMaragatería (León, Comarca)- _xUsos y costumbres. _9163492 |
|
| 852 |
_aES-MaACL _j2323-F-5 |
||
| 999 |
_c182394 _d182394 |
||